| 000 | 00484nam a22001937a 4500 | ||
|---|---|---|---|
| 003 | MPLRDC | ||
| 005 | 20220104125645.0 | ||
| 008 | 210129b ||||| |||| 00| 0 eng d | ||
| 020 | _a978-7-80753-175-3 | ||
| 082 | _a177.2 XLLZ v.2 | ||
| 100 | _aROBERT COLLIER | ||
| 245 |
_a秘密 _c福源 译 |
||
| 250 | _a一版一刷 | ||
| 260 |
_a中国 _b哈尔滨出版社 _c2009 |
||
| 300 | _b195 | ||
| 490 | _a心灵励志袖珍馆 | ||
| 650 | _a成功法 | ||
| 942 |
_cBK _o177.2 XLLZ v.2 |
||
| 999 |
_c29113 _d29103 |
||